00991nam a2200241Ia 4500008004100000020001800041040001800059041000800077100004000085245018100125260004700306300001800353490001800371504005300389630002900442650004200471650004600513650001800559650004600577650002000623650005800643651004800701130821s2009 sp gr spa  a9788481262575 aCo-BoUCMbspa00aspa1 aBrunete de la Llave, María Teresa14aLos contratos de colaboración público-privada en la Ley de contratos del sector público especial aplicación a las entidades localescMaría Teresa Bruneta de la Llave aLas Rozas (Madrid, España)bLa Leyc2009 a825 páginas 0aClaves La Ley aIncluye bibliografía e índice sistemático. aLey 30 de 2007zEspaña04aContratos públicoszUnión Europea04aContratosxLegislaciónzUnión Europea04aDerecho civil04aDerecho de integraciónzUnión Europea04aDerecho privado04aServicios públicosxFinanciaciónzUnión Europea 4aUnión EuropeaxAdministración pública